Leasing
Gespeichert in:
| 1. Verfasser: | |
|---|---|
| Format: | Buch |
| Sprache: | Deutsch |
| Veröffentlicht: |
Stuttgart
Schäffer-Poeschel
1993
|
| Ausgabe: | 2. völlig überarb., aktualisierte und erw. Aufl. |
| Schriftenreihe: | Kompaktes Wissen für Führungskräfte
|
| Schlagworte: | |
| Tags: |
Keine Tags, Fügen Sie das erste Tag hinzu!
|
MARC
| LEADER | 00000nam a2200000 4500 | ||
|---|---|---|---|
| 001 | c011858 | ||
| 005 | 20221206075548.7 | ||
| 020 | |a 3-8202-0887-9 | ||
| 041 | 0 | |a ger | |
| 044 | |a DE | ||
| 245 | 1 | 0 | |a Leasing |c Helmut R. Tacke |
| 250 | |a 2. völlig überarb., aktualisierte und erw. Aufl. | ||
| 264 | 1 | |a Stuttgart |b Schäffer-Poeschel |c 1993 | |
| 300 | |a 286 s. | ||
| 490 | 1 | |a Kompaktes Wissen für Führungskräfte | |
| 830 | 0 | |a Kompaktes Wissen für Führungskräfte | |
| 610 | 2 | 0 | |a lízing |
| 610 | 2 | 0 | |a zmluvy |
| 610 | 2 | 0 | |a dodávatelia |
| 610 | 2 | 0 | |a ponuka |
| 610 | 2 | 0 | |a rozhodovanie |
| 610 | 2 | 0 | |a spoločnosti lízingové |
| 610 | 2 | 0 | |a financovanie |
| 610 | 2 | 0 | |a softvér |
| 610 | 2 | 0 | |a hardvér |
| 610 | 2 | 0 | |a automobily nákladné |
| 610 | 2 | 0 | |a právo |
| 610 | 2 | 0 | |a nehnuteľnosti |
| 100 | 1 | |a Tacke, Helmut R. | |